Library of the University of Algiers 3
Ibrahim Sultan Cheibout
شعار جامعة الجزائر 3
مكتبة جامعة الجزائر 3
إبراهيم سلطان شيبوط

المراجعة الخارجية : (رقم التسجيلة. 45391)

تفاصيل مارك
000 -LEADER
fixed length control field 01266nam a2200217Ia 4500
003 - CONTROL NUMBER IDENTIFIER
control field Ost
005 - DATE AND TIME OF LATEST TRANSACTION
control field 20260507075640.0
008 - FIXED-LENGTH DATA ELEMENTS--GENERAL INFORMATION
fixed length control field 260507s9999||||xx |||||||||||||| ||und||
040 ## - CATALOGING SOURCE
Transcribing agency fsecg
041 ## - LANGUAGE CODE
Language code of text/sound track or separate title ara
082 ## - DEWEY DECIMAL CLASSIFICATION NUMBER
Classification number 657.45
100 ## - MAIN ENTRY--PERSONAL NAME
Personal name الصبان، محمد سمير
Relator term مؤلف
245 #0 - TITLE STATEMENT
Title المراجعة الخارجية :
Remainder of title المفاهيم الأساسية وأليات التطبيق وفقا للمعايير المتعارف عليها والمعايير الدولية /
Statement of responsibility, etc. محمد سمير الصبان
260 ## - PUBLICATION, DISTRIBUTION, ETC.
Place of publication, distribution, etc. الإسكندرية:
Name of publisher, distributor, etc. الدار الجامعية,
Date of publication, distribution, etc. 2002
300 ## - PHYSICAL DESCRIPTION
Extent 414 صفحة؛
Dimensions 24 سم
520 ## - SUMMARY, ETC.
Summary, etc. نظرية المراجعة وبيئة عمل المراجعة ،طبيعة المراجعة وظرورة ايجاد نظرية لها معاير المراجعة المتعارف عليها ،مسؤولية المجتع الخارجي وأداب السلوك المهني ،مراجعة الميزانية وتقرير مراقب الحسابات ،مراجعة المخزون مراجعة دورة التمويل تقديم مراقب الحسابات
653 ## - INDEX TERM--UNCONTROLLED
Uncontrolled term الحسابات
653 ## - INDEX TERM--UNCONTROLLED
Uncontrolled term المراجعة
700 ## - ADDED ENTRY--PERSONAL NAME
Personal name على، عبدالوهاب نصر
Relator term مؤلف ثانوي
942 ## - ADDED ENTRY ELEMENTS (KOHA)
Koha item type كتب
المقتنيات
Withdrawn status Lost status Source of classification or shelving scheme Damaged status Not for loan Home library Current library Date acquired Serial enumeration / chronology Inventory number Total checkouts Full call number Barcode Date last seen Price effective from Koha item type
    Dewey Decimal Classification   NOT LOAN / إعارة داخلية مكتبة كلية العلوم الإقتصادية والعلوم التجارية وعلوم التسيير مكتبة كلية العلوم الإقتصادية والعلوم التجارية وعلوم التسيير 07/05/2026 الطابق الأرضي 894/1   أ/894ن1 894/1 07/05/2026 07/05/2026 كتب
    Dewey Decimal Classification   Available مكتبة كلية العلوم الإقتصادية والعلوم التجارية وعلوم التسيير مكتبة كلية العلوم الإقتصادية والعلوم التجارية وعلوم التسيير 07/05/2026 الطابق الأرضي 894/2   أ/894ن2 894/2 07/05/2026 07/05/2026 كتب
    Dewey Decimal Classification   Available مكتبة كلية العلوم الإقتصادية والعلوم التجارية وعلوم التسيير مكتبة كلية العلوم الإقتصادية والعلوم التجارية وعلوم التسيير 07/05/2026 الطابق الأرضي 894/3   أ/894ن3 894/3 07/05/2026 07/05/2026 كتب
    Dewey Decimal Classification   Available مكتبة كلية العلوم الإقتصادية والعلوم التجارية وعلوم التسيير مكتبة كلية العلوم الإقتصادية والعلوم التجارية وعلوم التسيير 07/05/2026 الطابق الثاني 894/4   أ/894ن4 894/4 07/05/2026 07/05/2026 كتب

موارد الويب المفتوحة


© University of Algiers 3 All Rights Reserved
|
Implemented by LECHELAH Riad